2025-2026 Jacksonville Jaguars Roster - Statistics

General Stats
  • This quiz has been taken 20 times
  • The average score is 18 of 52
Answer Stats
Position Name % Correct
Quarterback Trevor Lawrence
100%
Wide Receiver Brian Thomas Jr.
91%
Running Back Travis Etienne Jr.
91%
Wide Receiver Parker Washington
82%
Running Back Bhayshul Tuten
73%
Tight End Brenton Strange
73%
Wide Receiver Dyami Brown
64%
Defensive Lineman Josh Hines-Allen
64%
Cornerback Montaric Brown
64%
Placekicker Cam Little
55%
Wide Receiver Jakobi Meyers
55%
Cornerback Jarrian Jones
55%
Running Back LeQuint Allen Jr.
55%
Defensive Lineman Travon Walker
55%
Offensive Lineman Walker Little
55%
Punter Logan Cooke
45%
Safety Antonio Johnson
36%
Defensive Lineman Austin Johnson
36%
Linebacker Devin Lloyd
36%
Tight End Hunter Long
36%
Quarterback Nick Mullens
36%
Offensive Lineman Robert Hainsey
36%
Wide Receiver Tim Patrick
36%
Safety Andrew Wingard
27%
Defensive Lineman Arik Armstead
27%
Defensive Lineman DaVon Hamilton
27%
Defensive Lineman Dawuane Smoot
27%
Cornerback Greg Newsome II
27%
Tight End Johnny Mundt
27%
Tight End Quintin Morris
27%
Offensive Lineman Anton Harrison
18%
Cornerback Christian Braswell
18%
Offensive Lineman Cole Van Lanen
18%
Running Back DeeJay Dallas
18%
Linebacker Dennis Gardeck
18%
Linebacker Foyesade Oluokun
18%
Defensive Lineman Maason Smith
18%
Offensive Lineman Patrick Mekari
18%
Defensive Lineman B.J. Green II
9%
Defensive Lineman Danny Striggow
9%
Defensive Lineman Emmanuel Ogbah
9%
Safety Eric Murray
9%
Offensive Lineman Ezra Cleveland
9%
Offensive Lineman Jonah Monheim
9%
Defensive Lineman Matt Dickerson
9%
Safety Rayuan Lane III
9%
Long Snapper Ross Matiscik
9%
Linebacker Ventrell Miller
9%
Offensive Lineman Wyatt Milum
9%
Linebacker Branson Combs
0%
Offensive Lineman Chuma Edoga
0%
Linebacker Yasir Abdullah
0%
No matching quizzes found
Score Distribution
Percent of People with Each Score
Percentile by Number Answered
Your Score History
You have not taken this quiz